[Event "ACL-A053"]
[Site "www.playchess.de"]
[Date "2001.01.31"]
[Round "15"]
[White "Goofy"]
[Black "Schwachspieler"]
[WhiteElo "1695"]
[BlackElo "1690"]
[PlyCount "35"]
[Result "1-0"]

1.c4 c5 2.Nc3 Nc6 3.g3 g6 4.Bg2 Bg7 5.e4 e5 6.d3 
d6 7.Nge2 Nge7 8.O-O O-O 9.h3 Be6 10.Nd5 Qd7 
11.Kh2 f6 12.f4 f5 13.Be3 Nd4 14.fxe5 dxe5 15.Qd2 
Nec6 16.Nxd4 Nxd4 17.Rae1 Rae8 
18.a3 1-0

[Event "ACL-A053"]
[Site "www.playchess.de"]
[Date "2001.01.31"]
[Round "19"]
[White "traga"]
[Black "peze3"]
[WhiteElo "1900"]
[BlackElo "1500"]
[PlyCount "56"]
[Result "1/2-1/2"]

1.e4 e5 2.Nf3 Nf6 3.Nxe5 d6 4.Nf3 Nxe4 5.Qe2 Qe7 
6.d3 Nf6 7.Bg5 Nbd7 8.Nc3 h6 9.Bh4 Qxe2+ 10.Bxe2 
g5 11.Bg3 Nb6 12.Nd4 Bd7 13.Ndb5 Kd8 14.O-O Bg7 
15.Rae1 Nfd5 16.Nxd5 Nxd5 17.c4 f5 18.h3 Bxb5 
19.cxb5 Bxb2 20.Bf3 Nc3 21.Bh2 Rb8 22.Bh5 f4 23.g3 
fxg3 24.fxg3 Nxb5 25.Rf7 Bd4+ 26.Kg2 Be5 27.Bg1 c5 
28.Bg4 h5 1/2-1/2

[Event "ACL-A053"]
[Site "www.playchess.de"]
[Date "2001.01.31"]
[Round "20"]
[White "peze3"]
[Black "Goofy"]
[WhiteElo "1500"]
[BlackElo "1695"]
[PlyCount "56"]
[Result "1/2-1/2"]

1.c4 e5 2.Nc3 Nf6 3.g3 Bb4 4.Bg2 O-O 5.Nf3 Nc6 
6.O-O e4 7.Ne1 Bxc3 8.dxc3 h6 9.Nc2 b6 10.Ne3 Bb7 
11.Qc2 Ne5 12.Rd1 d6 13.b3 Re8 14.a4 a5 15.Nd5 
Nxd5 16.cxd5 f5 17.c4 Qd7 18.Qc3 Qf7 19.h3 Ref8 
20.Bb2 Rae8 21.Rd4 Qh5 22.Re1 Bc8 23.f4 exf3 
24.e.p exf3 25.Qg6 Kh2 26.Nd7 Rxe8 27.Rxe8 Qd3 
28.Nf6 Qd2 1/2-1/2

[Event "ACL-A053"]
[Site "www.playchess.de"]
[Date "2001.01.31"]
[Round "21"]
[White "Schwachspieler"]
[Black "peze3"]
[WhiteElo "1690"]
[BlackElo "1500"]
[PlyCount "28"]
[Result "0-1"]

1.e4 e5 2.Nf3 Nf6 3.Nxe5 d6 4.Nf3 Nxe4 5.d4 d5 
6.Bd3 Bd6 7.O-O O-O 8.c4 c6 9.cxd5 cxd5 10.Nc3 
Nxc3 11.bxc3 Nc6 12.Re1 Bg4 13.Rb1 b6 14.h3 
Bh5 0-1

[Event "ACL-A024"]
[Site "www.playchess.de"]
[Date "2001.01.31"]
[Round "4"]
[White "MarkusSSG"]
[Black "vulcan"]
[WhiteElo "1500"]
[BlackElo "1500"]
[PlyCount "33"]
[Result "1-0"]

1.d4 Nf6 2.Bf4 g6 3.e3 d5 4.h3 Bg7 5.Nd2 Bf5 
6.Ngf3 O-O 7.Be2 Nc6 8.c3 Re8 9.O-O Ne4 10.Nxe4 
Bxe4 11.Nd2 e5 12.Bg3 exd4 13.Nxe4 dxe4 14.cxd4 f5 
15.Qb3+ Kh8 16.Qxb7 Qd7 17.Bb5 1-0

[Event "ACL-A024"]
[Site "www.playchess.de"]
[Date "2001.01.31"]
[Round "6"]
[White "dzwonek"]
[Black "vulcan"]
[WhiteElo "1500"]
[BlackElo "1500"]
[PlyCount "35"]
[Result "1-0"]

1.d4 Nf6 2.c4 e6 3.Nf3 Bb4+ 4.Bd2 Bxd2+ 5.Qxd2 b6 
6.g3 Bb7 7.Bg2 O-O 8.O-O d5 9.Ne5 c6 10.Nc3 Nbd7 
11.Rfd1 Ba6 12.Nxc6 Qc7 13.cxd5 exd5 14.Ne7+ Kh8 
15.Ncxd5 Qd6 16.Nf5 Qb8 17.Qg5 g6 
18.Nxf6 1-0

[Event "ACL-A024"]
[Site "www.playchess.de"]
[Date "2001.01.31"]
[Round "9"]
[White "Al-azmi"]
[Black "dzwonek"]
[WhiteElo "1500"]
[BlackElo "1500"]
[PlyCount "73"]
[Result "1-0"]

1.d4 f5 2.g3 Nf6 3.Bg2 g6 4.Nf3 Bg7 5.O-O d6 6.c4 
O-O 7.Nc3 Na6 8.Rb1 c6 9.d5 Qe8 10.dxc6 bxc6 11.b4 
Bb7 12.Nd4 Qd7 13.Qa4 Nb8 14.Rd1 Kh8 15.Nb3 Ng4 
16.Nc5 Qc8 17.Nxb7 Qxb7 18.Bd2 a6 19.e3 Ne5 20.Qb3 
Nbd7 21.f4 Ng4 22.b5 Nc5 23.bxc6 Qc7 24.Qc2 Rab8 
25.h3 Nh6 26.Na4 Ne4 27.Bxe4 fxe4 28.Qxe4 Ng8 
29.Qg2 Nf6 30.Bc3 Rxb1 31.Rxb1 Qc8 32.Nb6 Qf5 
33.Rb3 Ne8 34.Bxg7+ Kxg7 35.Nd5 Nf6 36.g4 Qe6 
37.Nxe7 1-0

[Event "ACL-A024"]
[Site "www.playchess.de"]
[Date "2001.01.31"]
[Round "10"]
[White "vulcan"]
[Black "Al-azmi"]
[WhiteElo "1500"]
[BlackElo "1500"]
[PlyCount "40"]
[Result "0-1"]

1.e4 e5 2.Nf3 Nc6 3.Bc4 Bc5 4.c3 Nf6 5.b4 Bb6 6.d3 
d6 7.Bg5 O-O 8.Qd2 h6 9.Bxh6 gxh6 10.Qxh6 Ng4 
11.Qg6+ Kh8 12.Bxf7 Ne7 13.Qh5+ Kg7 14.h3 Nxf2 
15.Ng5 Rh8 16.Qf3 Nxh1 17.Be6 Rf8 18.Qg4 Rf4 
19.Qh5 Rf1+ 20.Kxf1 Ng3+ 0-1

[Event "ACL-A024"]
[Site "www.playchess.de"]
[Date "2001.01.31"]
[Round "11"]
[White "MarkusSSG"]
[Black "chesswiz"]
[WhiteElo "1500"]
[BlackElo "2106"]
[PlyCount "61"]
[Result "1-0"]

1.d4 Nf6 2.Nf3 g6 3.Bf4 Bg7 4.e3 O-O 5.Nbd2 d6 
6.h3 Nbd7 7.Be2 b6 8.a4 a5 9.O-O Bb7 10.Re1 Qe8 
11.c3 e5 12.dxe5 Nxe5 13.Qc2 Nh5 14.Bh2 Kh8 15.Nd4 
Nf6 16.Rad1 Qe7 17.Bf1 Ned7 18.Nb5 Nc5 19.e4 Ne8 
20.b3 h5 21.Nd4 Bh6 22.e5 d5 23.e6 f5 24.N2f3 Nd6 
25.Ne5 Kh7 26.Nec6 Qe8 27.Bxd6 cxd6 28.Bb5 Ba6 
29.e7 Rf6 30.Nb4 Bxb5 31.Nxd5 1-0

[Event "ACL-A024"]
[Site "www.playchess.de"]
[Date "2001.01.31"]
[Round "13"]
[White "dzwonek"]
[Black "chesswiz"]
[WhiteElo "1500"]
[BlackElo "2106"]
[PlyCount "111"]
[Result "1/2-1/2"]

1.d4 Nf6 2.c4 g6 3.Nc3 Bg7 4.e4 d6 5.Bg5 c5 6.d5 
h6 7.Bf4 Qa5 8.Bd3 g5 9.Bd2 e6 10.Nge2 Nbd7 11.f4 
gxf4 12.Bxf4 Ne5 13.Bxe5 dxe5 14.Qb3 a6 15.dxe6 
Bxe6 16.Qxb7 O-O 17.Qb3 Rfd8 18.Qc2 Ng4 19.Nc1 Rd4 
20.Nb3 Qd8 21.Nxd4 cxd4 22.Nd5 Bxd5 23.cxd5 Ne3 
24.Qe2 f5 25.g3 Rb8 26.a3 a5 27.Rc1 Kh8 28.Rc5 a4 
29.Qd2 f4 30.Be2 Bf6 31.Bd1 Qg8 32.Qf2 Rc8 33.Rxc8 
Qxc8 34.Qd2 Qh3 35.Rg1 Be7 36.Bxa4 f3 37.d6 Ng2+ 
38.Kf2 Bxd6 39.Qc1 Ne3 40.Bb5 Be7 41.a4 Ng4+ 
42.Kxf3 Nxh2+ 43.Ke2 Qg4+ 44.Kd3 Qf3+ 45.Kc2 Bg5 
46.Qd1 Qxe4+ 47.Qd3 Qd5 48.Qf5 Be3 49.Rh1 Nf3 
50.Qf8+ Kh7 51.Rf1 e4 52.Rxf3 d3+ 53.Kb1 exf3 
54.Qe7+ Kh8 55.Qxe3 d2 56.Qxh6+ 1/2-1/2

[Event "ACL-A024"]
[Site "www.playchess.de"]
[Date "2001.01.31"]
[Round "14"]
[White "chesswiz"]
[Black "vulcan"]
[WhiteElo "2106"]
[BlackElo "1500"]
[PlyCount "41"]
[Result "1-0"]

1.e4 c6 2.d3 d5 3.Nd2 dxe4 4.dxe4 Nd7 5.Ngf3 Qc7 
6.a4 Ngf6 7.Bc4 e6 8.O-O Nb6 9.Bb3 Be7 10.a5 Nbd7 
11.c3 O-O 12.Qe2 e5 13.Nc4 h6 14.h3 Re8 15.g4 Rb8 
16.g5 hxg5 17.Nxg5 Nh7 18.Nxf7 Kxf7 19.Nd6+ Kf8 
20.Qh5 Ndf6 21.Qf7+ 1-0

[Event "ACL-A024"]
[Site "www.playchess.de"]
[Date "2001.01.31"]
[Round "15"]
[White "Al-azmi"]
[Black "chesswiz"]
[WhiteElo "1500"]
[BlackElo "2106"]
[PlyCount "61"]
[Result "1-0"]

1.d4 f5 2.g3 g6 3.Bg2 Bg7 4.Nf3 Nf6 5.O-O O-O 6.c4 
e6 7.Nc3 d6 8.Qc2 Qe7 9.e4 e5 10.exf5 gxf5 11.dxe5 
dxe5 12.Nh4 e4 13.Bh3 Nc6 14.Be3 f4 15.Bxc8 fxe3 
16.Nf5 Qe5 17.Bxb7 Nb4 18.Qb3 exf2+ 19.Rxf2 Nd3 
20.Bxa8 Nxf2 21.Qb5 c5 22.Nxg7 Nh3+ 23.Kg2 Rxa8 
24.Qc6 Rd8 25.Qe6+ Qxe6 26.Nxe6 Rd6 27.Nxc5 Ng5 
28.Rd1 Rc6 29.b4 Kf7 30.h4 Ne6 
31.N5xe4 1-0